| 000 | 00971nas a2200337 4500 | ||
|---|---|---|---|
| 001 | BR0900020 | ||
| 003 | BR-BrBNA | ||
| 005 | 20231205112954.0 | ||
| 007 | ta | ||
| 008 | 230509b bl.|||p| |||| 00| 00por d | ||
| 040 |
_aBR-BrBNA _bpor _cBiblioteca Nacional de Agricultura |
||
| 041 | _a(Pt) | ||
| 072 | _aF04 | ||
| 100 | 1 | _aMassaroto, J.A. | |
| 100 | 1 | _aReis, W.P. | |
| 100 | 1 | _aSilva, R.R. | |
| 100 | 1 | _aSoares, A.A. | |
| 245 | 1 | _aComportamento de cultivares de trigo sob diferentes doses de adubação para manutenção de plantio no Brasil Central | |
| 650 | _aTRIGO | ||
| 650 | _aADUBAÇÃO | ||
| 650 | _aVARIEDADE | ||
| 650 | _aNITROGÊNIO | ||
| 650 | _aPOTÁSSIO | ||
| 650 | _aPLANTIO | ||
| 650 | _aFÓSFORO | ||
| 650 | _aPRODUTIVIDADE | ||
| 650 | _aMINAS GERAIS | ||
| 773 | 0 |
_tRevista Ceres (Brazil) _xISSN 0034-737X _g(Jul-Aug 2007), v. 54(314) p. 363-368 _wBR0900020 |
|
| 909 |
_a202311 _bLúcia _c55 _dLúcia Elande |
||
| 942 |
_2AGRIS _n0 _cANA |
||
| 999 |
_c201106 _d201106 |
||